[Event "5. Lovsprings EMT Mesterklassen"]
[Site "Ringsted"]
[Date "1993.04.23"]
[Round "4"]
[White "Elgaard, Brian"]
[Black "Rasmussen, Henning"]
[Result "1-0"]
[WhiteElo "2166"]
[BlackElo "1940"]
[PlyCount "101"]
[EventDate "1993.??.??"]

1. c4 e5 2. Nc3 Nf6 3. Nf3 Nc6 4. g3 Bb4 5. Bg2 O-O 6. O-O d6 7. d4 exd4 8.
Nxd4 Bxc3 9. bxc3 Ne5 10. Qb3 Nfd7 11. Ba3 Nc5 12. Bxc5 dxc5 13. Nc2 Rb8 14.
Rfd1 Qf6 15. Ne3 Ng4 16. Nxg4 Bxg4 17. Re1 b6 18. Rad1 Rbd8 19. Rd5 Rd6 20. e4
Qe7 21. Re3 Be6 22. e5 Rdd8 23. Rxd8 Rxd8 24. Bd5 Qe8 25. h4 c6 26. Be4 b5 27.
Qa3 Bxc4 28. Qxc5 Bd5 29. Bxd5 Rxd5 30. Qxa7 g6 31. Qc7 Rd7 32. Qb6 Rd5 33. Kg2
Rxe5 34. Rxe5 Qxe5 35. Qxc6 h5 36. c4 bxc4 37. Qxc4 Qa5 38. a4 Qa8+ 39. Kg1 Kg7
40. Qc3+ Kh7 41. a5 Qa7 42. Qb4 Qd7 43. Qb6 Qd1+ 44. Kh2 Qf3 45. a6 Kg7 46. a7
Kh7 47. Qd4 f6 48. Qe3 Qb7 49. Qa3 Qa8 50. Qe7+ Kh6 51. Qc7 1-0

[Event "5. Lovsprings EMT Mesterklassen"]
[Site "Ringsted"]
[Date "1993.04.23"]
[Round "4"]
[White "Jorgensen, Brian"]
[Black "Christensen, Lars (1957)"]
[Result "0-1"]
[WhiteElo "2272"]
[BlackElo "2104"]
[PlyCount "70"]
[EventDate "1993.??.??"]

1. c4 Nf6 2. Nc3 d5 3. cxd5 Nxd5 4. e4 Nxc3 5. bxc3 g6 6. Bc4 Bg7 7. d4 c5 8.
Ne2 O-O 9. O-O Nc6 10. Be3 Bg4 11. f3 Bd7 12. Bd3 Qc7 13. Rc1 Rad8 14. Qd2 a6
15. Rfd1 Na5 16. Bf4 e5 17. Be3 Ba4 18. Re1 c4 19. Bb1 b5 20. f4 f6 21. fxe5
fxe5 22. Rf1 Qd6 23. Bg5 Rxf1+ 24. Rxf1 Rb8 25. Bh6 Bxh6 26. Qxh6 exd4 27. Nxd4
Nc6 28. Nf5 Qe5 29. Qg5 Rf8 30. Nh6+ Kg7 31. Qe3 Rxf1+ 32. Kxf1 Qh5 33. Qd2 Ne5
34. Qd4 Kxh6 35. Qe3+ Qg5 0-1

[Event "5. Lovsprings EMT Mesterklassen"]
[Site "Ringsted"]
[Date "1993.04.23"]
[Round "4"]
[White "Hald, Jens Erik"]
[Black "Pedersen, Hans Dahl"]
[Result "0-1"]
[WhiteElo "2143"]
[BlackElo "2183"]
[PlyCount "56"]
[EventDate "1993.??.??"]

1. e4 c5 2. Nf3 e6 3. b4 cxb4 4. d4 Nf6 5. Bd3 b6 6. Qe2 a5 7. O-O Ba6 8. Bg5
Bxd3 9. cxd3 Be7 10. Nbd2 d5 11. Ne5 O-O 12. Kh1 Ra7 13. Rac1 Rc7 14. Rxc7 Qxc7
15. Ndf3 Qd8 16. Rc1 Ne8 17. Bf4 Nd6 18. Qc2 Nb5 19. Nc6 Nxc6 20. Qxc6 Nc3 21.
Bc7 Qa8 22. exd5 Qxc6 23. dxc6 Rc8 24. Bxb6 Rxc6 25. Bxa5 Ra6 26. Ne5 Rxa5 27.
Nc6 Bg5 28. f4 Bxf4 0-1

[Event "5. Lovsprings EMT Mesterklassen"]
[Site "Ringsted"]
[Date "1993.04.23"]
[Round "4"]
[White "Christensen, John"]
[Black "Hansen, Hans Henrik"]
[Result "1/2-1/2"]
[WhiteElo "2056"]
[BlackElo "2109"]
[PlyCount "42"]
[EventDate "1993.??.??"]

1. Nf3 Nf6 2. b3 b6 3. d4 e6 4. g3 Bb7 5. Bg2 Be7 6. O-O O-O 7. c4 d6 8. Nc3
Ne4 9. Bb2 Nxc3 10. Bxc3 Nd7 11. Qd3 f5 12. Qe3 Rf6 13. Ng5 Bxg2 14. Kxg2 Nf8
15. f4 d5 16. Rac1 Rg6 17. Bd2 c5 18. Nf3 dxc4 19. bxc4 Nd7 20. Bc3 cxd4 21.
Bxd4 Bc5 1/2-1/2

[Event "5. Lovsprings EMT Mesterklassen"]
[Site "Ringsted"]
[Date "1993.04.23"]
[Round "4"]
[White "Nielsen, Max"]
[Black "Madsen, Hans Henrik"]
[Result "1-0"]
[WhiteElo "2100"]
[BlackElo "2057"]
[PlyCount "47"]
[EventDate "1993.??.??"]

1. e4 c6 2. d4 g6 3. c4 Bg7 4. Nc3 Na6 5. Be3 d6 6. Qd2 Nf6 7. f3 Nc7 8. O-O-O
Rb8 9. Bh6 O-O 10. h4 b5 11. h5 b4 12. Nb1 Nce8 13. g4 Qa5 14. Bxg7 Nxg7 15.
hxg6 fxg6 16. c5 Be6 17. b3 dxc5 18. e5 Nd5 19. Qh6 Qxa2 20. Qxh7+ Kf7 21. Rh6
Nc3 22. Qxg6+ Kg8 23. Bd3 Rf4 24. Rh8+ 1-0

[Event "5. Lovsprings EMT Mesterklassen"]
[Site "Ringsted"]
[Date "1993.04.23"]
[Round "4"]
[White "Lynge, Michael"]
[Black "Buhl, Poul"]
[Result "1-0"]
[WhiteElo "2085"]
[BlackElo "2035"]
[PlyCount "153"]
[EventDate "1993.??.??"]

1. d4 Nf6 2. c4 g6 3. Nc3 Bg7 4. e4 d6 5. f4 O-O 6. Nf3 c5 7. d5 Na6 8. Be2 Bd7
9. O-O Rb8 10. h3 Nc7 11. a4 a6 12. a5 b5 13. axb6 Rxb6 14. g4 e6 15. e5 Nfe8
16. Ne4 exd5 17. cxd5 Bb5 18. Bxb5 Rxb5 19. Nc3 Rb4 20. Re1 Qd7 21. Kg2 Nb5 22.
Rxa6 Qb7 23. Ra2 Nd4 24. Re4 dxe5 25. fxe5 f5 26. gxf5 Nxf3 27. Qxf3 Rxf5 28.
Qe2 Rxe4 29. Qxe4 Rxe5 30. Qa4 Re7 31. Qb5 Qxb5 32. Nxb5 Rd7 33. Be3 Rxd5 34.
Ra8 Kf7 35. Rxe8 Kxe8 36. Nc7+ Kd7 37. Nxd5 Bxb2 38. Bxc5 Kc6 39. Nf4 Be5 40.
Be3 Kd6 41. Kf3 Ke7 42. Kg4 Kf6 43. Nd5+ Ke6 44. Nb6 Bf6 45. Bg5 Bd4 46. Nc4
Kd5 47. Nd2 Bg7 48. Nf3 Bb2 49. Bd2 Bf6 50. Ng5 h6 51. Nf7 h5+ 52. Kf4 Ke6 53.
Ng5+ Kd5 54. Nf3 Ke6 55. Ke4 Bb2 56. Bg5 Bc3 57. Nd4+ Kf7 58. Kd5 Bb2 59. Ke4
Ba1 60. Nf3 Ke6 61. Bf4 Bf6 62. Ng5+ Ke7 63. Kd5 Kd7 64. Ne4 Bh4 65. Ke5 Bd8
66. Bg5 Bb6 67. Kf6 Bd4+ 68. Kxg6 Ke6 69. Kxh5 Kf5 70. Ng3+ Ke6 71. Kg6 Bf2 72.
Bf4 Bd4 73. h4 Ba1 74. h5 Bc3 75. h6 Ba1 76. h7 Bh8 77. Bh6 1-0

[Event "5. Lovsprings EMT Mesterklassen"]
[Site "Ringsted"]
[Date "1993.04.23"]
[Round "4"]
[White "Rasmussen, Per Arnt"]
[Black "Sivertsen, Palle"]
[Result "0-1"]
[WhiteElo "2036"]
[BlackElo "2080"]
[PlyCount "108"]
[EventDate "1993.??.??"]

1. e4 e5 2. Nf3 d6 3. d4 exd4 4. Nxd4 g6 5. Nc3 Bg7 6. Be3 Nf6 7. Qd2 Ng4 8.
Bg5 f6 9. Bf4 Nc6 10. Nxc6 bxc6 11. h3 Ne5 12. Bh6 O-O 13. Bxg7 Kxg7 14. f4 Nf7
15. O-O-O a5 16. g4 Qe7 17. Bd3 Rb8 18. Rdg1 d5 19. h4 Qb4 20. h5 Qxb2+ 21. Kd1
dxe4 22. Nxe4 Qd4 23. c3 Qa4+ 24. Qc2 Bxg4+ 25. Kd2 Qxc2+ 26. Kxc2 Bf5 27. hxg6
hxg6 28. Rh5 Bxe4 29. Bxe4 Ng5 30. Bxg6 Kxg6 31. Rh2 Rb5 32. fxg5 Rxg5 33. Re1
Re5 34. Rxe5 fxe5 35. Rg2+ Kf6 36. Kd3 Ke6 37. Kc4 Rf4+ 38. Kc5 e4 39. Kxc6 Ke5
40. Rg8 Rf3 41. Re8+ Kf4 42. Kd5 Rd3+ 43. Kc4 Rd1 44. Rf8+ Kg3 45. Kb3 e3 46.
Rg8+ Kf3 47. Rf8+ Ke4 48. Re8+ Kd3 49. Rd8+ Ke2 50. Rh8 Ke1 51. Kc2 Rd2+ 52.
Kc1 Rxa2 53. Rh1+ Ke2 54. Rh2+ Kd3 0-1

[Event "5. Lovsprings EMT Mesterklassen"]
[Site "Ringsted"]
[Date "1993.04.23"]
[Round "4"]
[White "Nielsen, Per Henrik Axel"]
[Black "Arnkilde, Anders"]
[Result "0-1"]
[WhiteElo "2004"]
[BlackElo "1954"]
[PlyCount "94"]
[EventDate "1993.??.??"]

1. Nf3 d5 2. g3 Nc6 3. Bg2 e5 4. d3 Be7 5. O-O Nf6 6. b3 O-O 7. Bb2 Bd6 8. c4
d4 9. a3 a5 10. Nbd2 Bg4 11. h3 Bf5 12. Nh4 Be6 13. Nhf3 Nd7 14. Ne4 Be7 15. h4
h6 16. Qc2 f5 17. Ned2 Nf6 18. Nh2 Bc5 19. Rfe1 Nh5 20. Bf3 Nf6 21. Nhf1 Bf7
22. e3 Qd7 23. b4 axb4 24. Nb3 Be7 25. Bxc6 bxc6 26. exd4 bxa3 27. dxe5 axb2
28. Rxa8 Rxa8 29. exf6 Bxf6 30. d4 Rb8 31. Ne3 f4 32. gxf4 Qd6 33. Qxb2 Qxf4
34. Qc3 Bxh4 35. Rf1 Bf6 36. Nc2 Qg5+ 37. Kh1 Qh4+ 38. Kg2 Be6 39. Rh1 Qg4+ 40.
Kf1 Qd1+ 41. Kg2 Qg4+ 42. Kf1 Qe4 43. f3 Qf4 44. Kg2 Bh4 45. Rb1 Bh3+ 46. Kh1
Bf2 47. Qd2 Qxf3+ 0-1

[Event "5. Lovsprings EMT Mesterklassen"]
[Site "Ringsted"]
[Date "1993.04.23"]
[Round "4"]
[White "Larsen, Bjorn"]
[Black "Mott, Jens"]
[Result "1-0"]
[WhiteElo "1908"]
[BlackElo "1880"]
[PlyCount "59"]
[EventDate "1993.??.??"]

1. d4 Nf6 2. Bg5 Ne4 3. Bh4 d5 4. f3 Nd6 5. Nc3 Nc4 6. e4 Ne3 7. Qd3 Nxf1 8.
Qxf1 dxe4 9. O-O-O exf3 10. Nxf3 f6 11. Qc4 g6 12. Rhe1 Bh6+ 13. Kb1 Kf8 14.
Nd5 c6 15. Nxe7 Nd7 16. Ne5 Qxe7 17. Nxg6+ hxg6 18. Rxe7 Kxe7 19. Re1+ Kd8 20.
Qf7 Rf8 21. Qe7+ Kc7 22. Bg3+ Kb6 23. d5 a5 24. Bf2+ Ka6 25. Qe2+ b5 26. Qe6
Ne5 27. Qd6 Kb7 28. Rxe5 fxe5 29. dxc6+ Ka6 30. c7+ 1-0

[Event "5. Lovsprings EMT Mesterklassen"]
[Site "Ringsted"]
[Date "1993.04.30"]
[Round "5"]
[White "Arnkilde, Anders"]
[Black "Lynge, Michael"]
[Result "0-1"]
[WhiteElo "1954"]
[BlackElo "2085"]
[PlyCount "140"]
[EventDate "1993.??.??"]

1. e4 e6 2. d4 d5 3. Nc3 Nf6 4. exd5 exd5 5. Bd3 Be7 6. Nf3 c6 7. O-O Bg4 8.
Re1 O-O 9. Bf4 Nbd7 10. h3 Bh5 11. Be2 Re8 12. Ne5 Bxe2 13. Nxe2 Nxe5 14. dxe5
Ne4 15. Ng3 Nxg3 16. Bxg3 Bc5 17. Qg4 Re6 18. Bh4 Be7 19. Bg3 Bc5 20. Rad1 Qb6
21. Rb1 a5 22. c3 Rae8 23. Rf1 f6 24. exf6 Rxf6 25. Bh4 Rf7 26. Bg3 Ref8 27.
Qe2 Qd8 28. Qe6 Kh8 29. Rbe1 Rf6 30. Qe2 h6 31. Bh4 g5 32. Bg3 Bd6 33. Bxd6
Qxd6 34. Qe3 R8f7 35. Qd3 Kg7 36. Qd4 Qf4 37. Qd1 Qh4 38. Qe2 h5 39. Qe5 g4 40.
Re3 Kg8 41. g3 Qxh3 42. Qg5+ Kh7 43. Re8 Qxg3+ 44. Kh1 Qf3+ 45. Kg1 Rg7 46. Qe3
g3 47. Qxf3 Rxf3 48. Kg2 Rxf2+ 49. Rxf2 gxf2+ 50. Kxf2 h4 51. Re6 h3 52. Re3
Rg2+ 53. Kf1 Rxb2 54. Rxh3+ Kg6 55. a4 Ra2 56. Rg3+ Kf6 57. Rf3+ Ke6 58. Rf4
Ra3 59. c4 Ke5 60. Rh4 Rxa4 61. Rh5+ Kd6 62. cxd5 cxd5 63. Ke2 Rc4 64. Kd3 a4
65. Rh7 b6 66. Rh8 Kc5 67. Rc8+ Kb5 68. Rd8 Rc5 69. Rb8 Rc1 70. Rd8 Kb4 0-1

[Event "5. Lovsprings EMT Mesterklassen"]
[Site "Ringsted"]
[Date "1993.04.30"]
[Round "5"]
[White "Elgaard, Brian"]
[Black "Hansen, Hans Henrik"]
[Result "1-0"]
[WhiteElo "2166"]
[BlackElo "2109"]
[PlyCount "74"]
[EventDate "1993.??.??"]

1. c4 Nf6 2. Nc3 e6 3. e4 d5 4. e5 d4 5. exf6 dxc3 6. fxg7 cxd2+ 7. Bxd2 Bxg7
8. Qc2 Nc6 9. Nf3 Qe7 10. Bd3 h6 11. O-O Bd7 12. a3 O-O-O 13. Bb4 Qf6 14. Bc3
e5 15. Be4 Nd4 16. Bxd4 exd4 17. Rad1 Bc6 18. Bxc6 Qxc6 19. Rd3 Rhe8 20. Rfd1
Re4 21. b4 Qe6 22. c5 Kb8 23. b5 Re2 24. R3d2 Rxd2 25. Rxd2 Qd5 26. Ne1 c6 27.
a4 Bf8 28. Nd3 cxb5 29. axb5 Rc8 30. Rd1 Bxc5 31. Rc1 Rg8 32. Nf4 d3 33. Qxc5
Qxc5 34. Rxc5 d2 35. Rd5 Rc8 36. Kf1 Rc1+ 37. Ke2 Rh1 1-0

[Event "5. Lovsprings EMT Mesterklassen"]
[Site "Ringsted"]
[Date "1993.04.30"]
[Round "5"]
[White "Madsen, Hans Henrik"]
[Black "Pedersen, Hans Dahl"]
[Result "1/2-1/2"]
[WhiteElo "2057"]
[BlackElo "2183"]
[PlyCount "61"]
[EventDate "1993.??.??"]

1. d4 d5 2. c4 c6 3. Nc3 Nf6 4. Nf3 e6 5. cxd5 cxd5 6. Bg5 Nc6 7. e3 Be7 8. Bd3
Bd7 9. O-O Rc8 10. Ne5 Nxe5 11. dxe5 Ng8 12. Bxe7 Nxe7 13. e4 d4 14. Nb5 Bxb5
15. Bxb5+ Nc6 16. Qa4 Qb6 17. Rfd1 O-O 18. Bxc6 Rxc6 19. Qxd4 Qxd4 20. Rxd4 Rc2
21. Rb1 Rfc8 22. Kf1 h6 23. Rd7 R8c4 24. Rxb7 Rxe4 25. Re1 Rd4 26. Kg1 Rdd2 27.
Rf1 a5 28. Rb5 Rxb2 29. Rxa5 Rxa2 30. Rxa2 Rxa2 31. Re1 1/2-1/2

[Event "5. Lovsprings EMT Mesterklassen"]
[Site "Ringsted"]
[Date "1993.04.30"]
[Round "5"]
[White "Hald, Jens Erik"]
[Black "Sivertsen, Palle"]
[Result "0-1"]
[WhiteElo "2143"]
[BlackElo "2080"]
[PlyCount "80"]
[EventDate "1993.??.??"]

1. e4 e5 2. Nf3 d6 3. d4 exd4 4. Nxd4 g6 5. c4 Bg7 6. Nc3 Nc6 7. Nxc6 bxc6 8.
c5 Ne7 9. Be3 d5 10. Bd4 f6 11. Be2 O-O 12. Qd2 Rb8 13. h4 dxe4 14. Bc4+ Nd5
15. h5 Be6 16. hxg6 hxg6 17. O-O-O Rb4 18. Bxd5 cxd5 19. Rh2 Rxd4 20. Qxd4 f5
21. Qb4 d4 22. Ne2 Qd5 23. Nxd4 Rd8 24. Qb3 Bxd4 25. Rxd4 Qxc5+ 26. Kb1 Bxb3
27. Rxd8+ Kf7 28. axb3 Qxf2 29. Rd1 e3 30. Rhh1 Qxg2 31. Rhg1 Qe4+ 32. Ka2 f4
33. Rc1 Qe5 34. Rc6 g5 35. Rgc1 e2 36. Rxc7+ Kg6 37. R7c6+ Kh5 38. Rh1+ Kg4 39.
Rg1+ Kf5 40. Rcc1 f3 0-1

[Event "5. Lovsprings EMT Mesterklassen"]
[Site "Ringsted"]
[Date "1993.04.30"]
[Round "5"]
[White "Mott, Jens"]
[Black "Rasmussen, Per Arnt"]
[Result "0-1"]
[WhiteElo "1880"]
[BlackElo "2036"]
[PlyCount "84"]
[EventDate "1993.??.??"]

1. d4 f5 2. Bg5 h6 3. Bh4 g5 4. e3 Nf6 5. Be2 Bg7 6. Bg3 d6 7. Nd2 Nc6 8. c3 e6
9. Qb3 Qe7 10. O-O-O Bd7 11. f3 O-O-O 12. Nc4 Nh5 13. Bf2 d5 14. Nd2 Nf6 15. a4
Kb8 16. Qa2 Rc8 17. Nb3 Be8 18. Bd3 Bg6 19. Ne2 e5 20. Bb5 Nd8 21. dxe5 Qxe5
22. f4 Qe7 23. Rhe1 Ne4 24. Bg1 c6 25. Bd3 Ne6 26. g3 Rhd8 27. Kb1 Bh5 28. Nbd4
Nxd4 29. exd4 gxf4 30. gxf4 Bf6 31. Rc1 Bf3 32. Ng3 Qh7 33. Re3 Nxg3 34. Rxf3
Ne4 35. b4 Rg8 36. Be3 Qe7 37. Bf1 Nxc3+ 38. Rxc3 Qe4+ 39. Bd3 Qxf3 40. Bxf5
Rce8 41. Qb3 Rg2 42. Rc2 Rxe3 0-1

[Event "5. Lovsprings EMT Mesterklassen"]
[Site "Ringsted"]
[Date "1993.04.30"]
[Round "5"]
[White "Christensen, Lars (1957)"]
[Black "Nielsen, Max"]
[Result "1/2-1/2"]
[WhiteElo "2104"]
[BlackElo "2100"]
[PlyCount "67"]
[EventDate "1993.??.??"]

1. e4 e5 2. Bc4 Nf6 3. d3 Nc6 4. Nf3 Bc5 5. c3 d6 6. b4 Bb6 7. a4 a6 8. Na3 O-O
9. Nc2 Ne7 10. Bg5 Ng6 11. h4 h6 12. h5 Nf4 13. Bxf4 exf4 14. Qd2 Be6 15. Bxe6
fxe6 16. Qxf4 d5 17. exd5 exd5 18. Qd2 Re8+ 19. Kf1 Qd7 20. d4 Ne4 21. Qd3 Qf5
22. Rd1 Rf8 23. Ne3 Qd7 24. Rh4 c6 25. c4 Rae8 26. cxd5 cxd5 27. Qb3 Kh8 28.
Qxd5 Qe7 29. Ne5 Ng3+ 30. Kg1 Ne2+ 31. Kf1 Ng3+ 32. Kg1 Ne2+ 33. Kf1 Ng3+ 34.
Kg1 1/2-1/2

[Event "5. Lovsprings EMT Mesterklassen"]
[Site "Ringsted"]
[Date "1993.04.30"]
[Round "5"]
[White "Nielsen, Per Henrik Axel"]
[Black "Jorgensen, Brian"]
[Result "0-1"]
[WhiteElo "2004"]
[BlackElo "2272"]
[PlyCount "78"]
[EventDate "1993.??.??"]

1. Nf3 Nf6 2. b3 g6 3. Bb2 Bg7 4. e3 c5 5. Be2 O-O 6. O-O Nc6 7. c4 b6 8. d4
cxd4 9. exd4 d5 10. Nc3 Bb7 11. Re1 Rc8 12. cxd5 Nb4 13. a3 Nbxd5 14. Rc1 Nxc3
15. Rxc3 Rxc3 16. Bxc3 Nd5 17. Bb2 e6 18. Qd2 Ne7 19. Rc1 Nf5 20. Rd1 Bd5 21.
b4 Qa8 22. Ne1 Rd8 23. Bf3 Nh4 24. Bxd5 Qxd5 25. Qd3 Nf5 26. Nf3 e5 27. Qa6 e4
28. Ne1 Qb3 29. Qe2 Bxd4 30. g4 Bxf2+ 31. Qxf2 Rxd1 32. gxf5 e3 33. Qe2 Rd2 34.
Qf3 Qxb2 35. f6 Rd5 36. Nd3 Qb1+ 37. Kg2 Qxd3 38. Qf4 Qd2+ 39. Kg3 Qf2+ 0-1

[Event "5. Lovsprings EMT Mesterklassen"]
[Site "Ringsted"]
[Date "1993.04.30"]
[Round "5"]
[White "Buhl, Poul"]
[Black "Christensen, John"]
[Result "1-0"]
[WhiteElo "2035"]
[BlackElo "2056"]
[PlyCount "68"]
[EventDate "1993.??.??"]

1. c4 Nf6 2. g3 c6 3. b3 d5 4. Bb2 Bf5 5. Bg2 e6 6. Nf3 Nbd7 7. O-O h5 8. d3
Qc7 9. Nbd2 Be7 10. Re1 h4 11. cxd5 hxg3 12. hxg3 exd5 13. e4 dxe4 14. dxe4 Be6
15. Qc2 Bc5 16. Bd4 Bxd4 17. Nxd4 O-O-O 18. Rac1 Ne5 19. N2f3 Nxf3+ 20. Nxf3
Bh3 21. Bxh3+ Rxh3 22. e5 Nd7 23. Qf5 Rhh8 24. Ng5 g6 25. Qg4 Rde8 26. Nxf7
Rhf8 27. Nd6+ Kb8 28. Nxe8 Rxe8 29. Qxg6 Qc8 30. Qd6+ Ka8 31. e6 Nb8 32. Rcd1
Rh8 33. Qe5 Rh7 34. e7 Rh8 1-0

[Event "5. Lovsprings EMT Mesterklassen"]
[Site "Ringsted"]
[Date "1993.04.30"]
[Round "5"]
[White "Rasmussen, Henning"]
[Black "Larsen, Bjorn"]
[Result "1-0"]
[WhiteElo "1940"]
[BlackElo "1908"]
[PlyCount "157"]
[EventDate "1993.??.??"]

1. Nf3 f5 2. g3 Nf6 3. Bg2 g6 4. O-O Bg7 5. c4 d6 6. d4 O-O 7. Nc3 Nc6 8. d5
Ne5 9. Nxe5 dxe5 10. e4 f4 11. b4 g5 12. Bb2 Bd7 13. c5 Qe8 14. a4 Ng4 15. h3
Qh5 16. c6 bxc6 17. dxc6 Be6 18. Nd5 f3 19. hxg4 Bxg4 20. Bh1 Rad8 21. Ra3 Rd6
22. Nxe7+ Kh8 23. Qxd6 cxd6 24. c7 Qf7 25. Nd5 Qd7 26. Rc1 Rc8 27. b5 Be6 28.
Bxf3 g4 29. Bg2 Bh6 30. Rc2 Bxd5 31. exd5 Rxc7 32. Rxc7 Qxc7 33. Rc3 Qa5 34.
Rc8+ Kg7 35. Bc3 Qxa4 36. Rc7+ Kf6 37. Bf1 Bf8 38. Rxh7 Bg7 39. Rh5 Qb3 40. Bd2
Qxd5 41. Be3 Qf7 42. Rg5 Bh6 43. Rxg4 Bxe3 44. fxe3 Qa2 45. e4 Qd2 46. Rh4 Kg5
47. Bg2 Qd3 48. Kh2 Qxb5 49. Rh8 a5 50. Rg8+ Kf6 51. Rf8+ Kg7 52. Ra8 a4 53.
Ra7+ Kf8 54. Ra8+ Ke7 55. Ra7+ Kd8 56. g4 Kc8 57. g5 Kb8 58. Rf7 Qe2 59. Rf3
Qd2 60. Rg3 a3 61. Rxa3 Qxg5 62. Rb3+ Kc7 63. Rc3+ Kd8 64. Rh3 Qf4+ 65. Kg1 Kc7
66. Rc3+ Kb6 67. Rd3 Qf6 68. Rd5 Kc6 69. Kh2 Kd7 70. Bh3+ Ke7 71. Bg2 Kf7 72.
Kg1 Kg6 73. Kh2 Kg5 74. Rd3 Kg4 75. Rg3+ Kf4 76. Rf3+ Kg5 77. Rxf6 Kxf6 78. Kg3
Ke7 79. Kg4 1-0

[Event "5. Lovsprings EMT Mesterklassen"]
[Site "Ringsted"]
[Date "1993.05.14"]
[Round "6"]
[White "Arnkilde, Anders"]
[Black "Christensen, Lars (1957)"]
[Result "1-0"]
[WhiteElo "1954"]
[BlackElo "2104"]
[PlyCount "37"]
[EventDate "1993.??.??"]

1. e4 c5 2. Nf3 d6 3. d4 cxd4 4. Nxd4 Nf6 5. Nc3 g6 6. Be3 Bg7 7. Qd2 Ng4 8.
Bg5 Qb6 9. Ndb5 Be6 10. f3 h6 11. Bf4 Ne5 12. Be3 Qd8 13. Nd5 Na6 14. Nxa7 Nd7
15. Bxa6 Nc5 16. Bb5+ Kf8 17. Bxc5 dxc5 18. O-O-O Kg8 19. Nf6+ 1-0

[Event "5. Lovsprings EMT Mesterklassen"]
[Site "Ringsted"]
[Date "1993.05.14"]
[Round "6"]
[White "Jorgensen, Brian"]
[Black "Buhl, Poul"]
[Result "1-0"]
[WhiteElo "2272"]
[BlackElo "2035"]
[PlyCount "81"]
[EventDate "1993.??.??"]

1. Nf3 g6 2. g3 Bg7 3. Bg2 Nf6 4. O-O O-O 5. c4 d6 6. Nc3 c6 7. d3 Nbd7 8. Rb1
Rb8 9. b4 Qc7 10. b5 Re8 11. bxc6 bxc6 12. Rxb8 Nxb8 13. Qa4 e5 14. Be3 a6 15.
Rb1 c5 16. Nd5 Qd7 17. Nxf6+ Bxf6 18. Qxd7 Nxd7 19. Nd2 Bd8 20. Bc6 f5 21. Bh6
Kf7 22. Nf3 g5 23. Bxg5 e4 24. Bxd8 exf3 25. Bc7 Rxe2 26. Bxf3 Rxa2 27. Bxd6
Rd2 28. Bd5+ Kf6 29. Rb3 Ra2 30. f4 a5 31. Rb1 a4 32. d4 a3 33. Rb3 h6 34. dxc5
Ra1+ 35. Kg2 a2 36. Ra3 Kg6 37. Kh3 Nf6 38. Be5 Rc1 39. Bxf6 Kxf6 40. Rxa2 Ke7
41. Ra8 1-0

[Event "5. Lovsprings EMT Mesterklassen"]
[Site "Ringsted"]
[Date "1993.05.14"]
[Round "6"]
[White "Pedersen, Hans Dahl"]
[Black "Sivertsen, Palle"]
[Result "0-1"]
[WhiteElo "2183"]
[BlackElo "2080"]
[PlyCount "122"]
[EventDate "1993.??.??"]

1. Nf3 d6 2. d4 Nf6 3. c4 Nbd7 4. Nc3 e5 5. g3 c6 6. Bg2 Be7 7. O-O Qc7 8. e4
Nf8 9. h3 Ng6 10. Be3 Bd7 11. Rc1 Qc8 12. Kh2 h5 13. b4 h4 14. g4 Bxg4 15. Qd2
Bxf3 16. Bxf3 Qc7 17. d5 O-O 18. Rg1 a5 19. a3 axb4 20. axb4 Ra3 21. Ra1 Rxc3
22. Qxc3 cxd5 23. exd5 e4 24. Be2 Nxd5 25. Qd2 Nxe3 26. fxe3 d5+ 27. Kh1 dxc4
28. Qd5 Rd8 29. Qxe4 c3 30. Bd3 Qd7 31. Bf1 Qd5 32. Qxd5 Rxd5 33. Bc4 Rd6 34.
Ra8+ Nf8 35. Rc1 Bf6 36. Rc8 Rd7 37. e4 Re7 38. Bd5 g6 39. Rf1 Kg7 40. Rxf8
Kxf8 41. Rxf6 Rc7 42. Rf1 b6 43. Kg2 c2 44. Rc1 Rc3 45. e5 Rg3+ 46. Kf2 Rxh3
47. Ke2 Ke7 48. Rxc2 Rh2+ 49. Kd3 Rxc2 50. Kxc2 f6 51. exf6+ Kxf6 52. Kd3 Ke5
53. Kc4 g5 54. Bg2 g4 55. Kb5 h3 56. Bf1 Kf4 57. Kxb6 Kg3 58. Bc4 h2 59. Bd5
Kf2 60. b5 g3 61. Kc7 g2 0-1

[Event "5. Lovsprings EMT Mesterklassen"]
[Site "Ringsted"]
[Date "1993.05.14"]
[Round "6"]
[White "Madsen, Hans Henrik"]
[Black "Elgaard, Brian"]
[Result "0-1"]
[WhiteElo "2057"]
[BlackElo "2166"]
[PlyCount "116"]
[EventDate "1993.??.??"]

1. Nf3 Nf6 2. d4 g6 3. Bg5 Ne4 4. Bh4 Bg7 5. Nbd2 d5 6. e3 Nd6 7. Bg3 O-O 8. c4
c6 9. Qb3 dxc4 10. Nxc4 Nxc4 11. Bxc4 Qa5+ 12. Qc3 Qxc3+ 13. bxc3 c5 14. Rb1
Nc6 15. Bd5 cxd4 16. cxd4 Rd8 17. Bxc6 bxc6 18. Rc1 Bb7 19. O-O Rd5 20. Rc3 Ra5
21. Rb1 Rxa2 22. h3 Bc8 23. Rxc6 Bf5 24. Rbc1 a5 25. Rc7 a4 26. Bf4 a3 27. e4
Be6 28. d5 Bb2 29. dxe6 Bxc1 30. exf7+ Kxf7 31. Ng5+ Kg8 32. Rxc1 Rb2 33. Be5
Rb5 34. Nf3 a2 35. Ra1 h6 36. Bd4 Ra4 37. Kh2 Rb1 38. Nd2 Rxa1 39. Bxa1 Rb4 40.
Kg3 Rb1 41. Be5 Kf7 42. Kf3 Ke6 43. Bh8 Kd6 44. Nc4+ Kc5 45. Ne3 Rc1 46. Ke2
Kd6 47. Bb2 a1=Q 48. Bxa1 Rxa1 49. Kf3 Ra2 50. Nd5 e6 51. Ne3 Ra4 52. Kf4 g5+
53. Kf3 h5 54. Nf1 Ke5 55. Nd2 Kd4 56. Nb3+ Kc4 57. Nd2+ Kd3 58. Nb3 Ra3 0-1

[Event "5. Lovsprings EMT Mesterklassen"]
[Site "Ringsted"]
[Date "1993.05.14"]
[Round "6"]
[White "Rasmussen, Henning"]
[Black "Hansen, Hans Henrik"]
[Result "0-1"]
[WhiteElo "1940"]
[BlackElo "2109"]
[PlyCount "172"]
[EventDate "1993.??.??"]

1. Nf3 Nf6 2. c4 e6 3. Nc3 c5 4. e4 Nc6 5. d4 cxd4 6. Nxd4 Bb4 7. Qd3 O-O 8.
Bd2 Qb6 9. Nc2 Bc5 10. Be3 Bxe3 11. fxe3 Qc5 12. Be2 b6 13. O-O Bb7 14. Rf2
Rac8 15. b3 Rfd8 16. Raf1 d6 17. Kh1 Rd7 18. Nd4 Ne5 19. Qc2 a6 20. a4 Ng6 21.
Bf3 Qe5 22. h3 Rdc7 23. Nde2 b5 24. axb5 axb5 25. Qd2 bxc4 26. b4 Ra8 27. Qd4
Bc8 28. Rd1 Ne8 29. Rff1 Rb7 30. b5 Bd7 31. Qxc4 Bxb5 32. Nxb5 Rxb5 33. Qd4
Rab8 34. Qxe5 Nxe5 35. Kg1 Kf8 36. Kf2 Ke7 37. Rd2 Rb2 38. Rfd1 Nc4 39. Rxb2
Rxb2 40. Re1 Nf6 41. g4 h6 42. Bg2 Ne5 43. Ra1 Nfd7 44. Bf3 Nc5 45. Kg3 Nxe4+
46. Bxe4 Rxe2 47. Ra3 d5 48. Bf3 Re1 49. Kf2 Nxf3 50. Kxf3 Kf6 51. h4 Ke5 52.
Ra7 Rf1+ 53. Ke2 Rg1 54. Kf3 Kf6 55. Ra6 Rh1 56. Kg3 Rc1 57. Ra3 Rc4 58. Ra2
Re4 59. Kf3 Kg6 60. Ra7 h5 61. gxh5+ Kf6 62. Ra8 Rxh4 63. Rh8 Rh3+ 64. Kf2 Ke5
65. Rh7 f5 66. Rxg7 Rxh5 67. Rg6 Rh3 68. Ke2 Rh4 69. Kf3 d4 70. exd4+ Rxd4 71.
Rh6 Ra4 72. Ke3 Ra3+ 73. Ke2 Kd5 74. Rh5 Ke4 75. Rh4+ f4 76. Rh6 e5 77. Rb6
Ra2+ 78. Ke1 f3 79. Rb4+ Ke3 80. Rb3+ Kf4 81. Rb4+ e4 82. Rb1 e3 83. Kf1 Kg3
84. Kg1 Rg2+ 85. Kh1 Rh2+ 86. Kg1 f2+ 0-1

[Event "5. Lovsprings EMT Mesterklassen"]
[Site "Ringsted"]
[Date "1993.05.14"]
[Round "6"]
[White "Hald, Jens Erik"]
[Black "Rasmussen, Per Arnt"]
[Result "1/2-1/2"]
[WhiteElo "2143"]
[BlackElo "2036"]
[PlyCount "122"]
[EventDate "1993.??.??"]

1. e4 c5 2. Nf3 Nc6 3. Bb5 g6 4. O-O Bg7 5. c3 Nf6 6. Re1 O-O 7. d4 cxd4 8.
cxd4 d5 9. e5 Ne4 10. Nc3 Nxc3 11. bxc3 Bf5 12. Bg5 a6 13. Bf1 h6 14. Bf4 g5
15. Be3 e6 16. h3 Rc8 17. g4 Bg6 18. Qd2 f5 19. exf6 Qxf6 20. Bg2 Be4 21. Nh2
Bxg2 22. Kxg2 Ne7 23. Rab1 b5 24. a4 bxa4 25. Rb7 Ng6 26. Ra7 Rf7 27. Rxf7 Qxf7
28. Ra1 Bf8 29. Qd3 Bd6 30. Qxa6 Nh4+ 31. Kh1 Rd8 32. Qe2 Rf8 33. Rxa4 Bxh2 34.
Kxh2 Nf3+ 35. Kg2 Qc7 36. Qxf3 Rxf3 37. Kxf3 Qxc3 38. Kg2 Qc6 39. Ra5 Qc2 40.
Ra8+ Kf7 41. Ra7+ Kf6 42. Ra6 Ke7 43. Ra7+ Kd6 44. Ra6+ Kd7 45. Ra7+ Kc8 46.
Re7 Qe4+ 47. Kg3 Kd8 48. Ra7 e5 49. Ra8+ Kd7 50. Ra7+ Kd6 51. Ra6+ Kd7 52. Ra7+
Kd8 53. Ra8+ Kd7 54. Ra7+ Ke8 55. Ra8+ Kf7 56. Ra7+ Ke8 57. Ra8+ Kd7 58. Ra7+
Kd8 59. Ra8+ Ke7 60. Ra7+ Ke8 61. Ra8+ Kd7 1/2-1/2